=LDR 00000nam 2200000 4500 =001 NUTBA000000000003458 =005 20140819154544.0 =006 =007 =008 =035 ##$$a 0010-081400000000303 =040 ##$$a NBPDMAT =082 ##$$a 372.7 =090 ##$$a 372.7 $b Rin l =100 ##$$a Rini Budi Nuraini =245 ##$$a LKS utama matematika kelas v semester 1 / $c Rini Budi Nuraini ; penyunting, Kurnia Apriliyani =260 ##$$a Jakarta : $b Dian Rakyat, $c 2007 =300 ##$$a 80 hlm. ; $c 27 cm. =650 ##$$a Matematika SD - LKS =700 ##$$a Kurnia Apriliyani =850 ##$$a NBPDMAT =990 ##$$a 21407477